Regioni italiane con più lettere - Statistics

Statistiche generali
  • Questo quiz è stato fatto 52 volte
  • Il punteggio medio è 10 su 10
Statistiche sulle risposte
Lunghezza in lettere Regione % Corretto
19 Friuli-Venezia Giulia
100%
17 Trentino-Alto Adige
100%
13 Emilia-Romagna
98%
9 Lombardia
98%
8 Piemonte
95%
8 Sardegna
95%
10 Basilicata
93%
8 Campania
93%
11 Valle d'Aosta
93%
8 Calabria
84%
Nessun quiz corrispondente trovato
Distribuzione punteggi
Percentuale di utenti per punteggio
Percentile per numero di risposta
I tuoi punteggi nel tempo
Non hai fatto questo quiz